Green v Lord Somerleyton and others (Record no. 72331)
[ view plain ]
| 000 -LEADER | |
|---|---|
| fixed length control field | 01562cam a2200229 4500 |
| 001 - CONTROL NUMBER | |
| control field | ABS66489 |
| 008 - FIXED-LENGTH DATA ELEMENTS--GENERAL INFORMATION | |
| fixed length control field | 030321n2003 000 0 eng u |
| 035 ## - SYSTEM CONTROL NUMBER | |
| System control number | (Sirsi) u121709 |
| 245 ## - TITLE STATEMENT | |
| Title | Green v Lord Somerleyton and others |
| 260 ## - PUBLICATION, DISTRIBUTION, ETC. | |
| Date of publication, distribution, etc. | 2003 |
| 490 ## - SERIES STATEMENT | |
| Series statement | Property, Planning and Compensation Reports |
| Volume/sequential designation | [2004] 1 P&CR 520-552(33) |
| 520 ## - SUMMARY, ETC. | |
| Summary, etc. | [2003] EWCA Civ 198, 28 February 2003. Appeal by claimant (G) dismissing his claim in nuisance against defendant trustees (S) for allowing S's counterclaim for an easement of drainage. G argued that firstly the judge had misconstrued the 1921 conveyance and the 1921 drainage deed in concluding that the conveyance impliedly granted an easement of drainage and secondly that "Leakey v National Trust " (QBD [1981] QB 485) did not apply. CA held that S owed a duty of care to G under "Leakey" to do what was reasonable to prevent his marshland being flooded by naturally flowing water but S had discharged their duty. S was entitled to an easement to drain their marshes in G's marshes. Appeal dismissed. View judgment at www.courtservice.gov.uk. |
| 590 ## - LOCAL NOTE (RLIN) | |
| Local note | ABS |
| 650 ## - SUBJECT ADDED ENTRY--TOPICAL TERM | |
| Topical term or geographic name entry element | GREEN V LORD SOMERLEYTON AND OTHERS |
| 650 ## - SUBJECT ADDED ENTRY--TOPICAL TERM | |
| Topical term or geographic name entry element | DRAINAGE EASEMENTS |
| 650 ## - SUBJECT ADDED ENTRY--TOPICAL TERM | |
| Topical term or geographic name entry element | LEAKEY V NATIONAL TRUST |
| 650 ## - SUBJECT ADDED ENTRY--TOPICAL TERM | |
| Topical term or geographic name entry element | SURVEYORS' DUTY OF CARE |
| 650 ## - SUBJECT ADDED ENTRY--TOPICAL TERM | |
| Topical term or geographic name entry element | MARSHLAND |
| 690 ## - LOCAL SUBJECT ADDED ENTRY--TOPICAL TERM (OCLC, RLIN) | |
| Topical term or geographic name as entry element | Boundary disputes |
| 9 (RLIN) | 6221 |
| 856 ## - ELECTRONIC LOCATION AND ACCESS | |
| Uniform Resource Identifier | <a href="https://www.bailii.org/cgi-bin/markup.cgi?doc=/ew/cases/EWCA/Civ/2003/198.html&query=Green+and+v+and+Lord+and+Somerleyton&method=boolean">https://www.bailii.org/cgi-bin/markup.cgi?doc=/ew/cases/EWCA/Civ/2003/198.html&query=Green+and+v+and+Lord+and+Somerleyton&method=boolean</a> |
| Public note | view the judgement free of charge at www.bailii.org |
| 942 ## - ADDED ENTRY ELEMENTS (KOHA) | |
| Suppress in OPAC | 0 |
| Withdrawn status | Lost status | Source of classification or shelving scheme | Damaged status | Not for loan | Home library | Current library | Shelving location | Date acquired | Total Checkouts | Full call number | Barcode | Date last seen | Copy number | Price effective from | Koha item type |
|---|---|---|---|---|---|---|---|---|---|---|---|---|---|---|---|
| Dewey Decimal Classification | London | London | Journal article | 21/03/2003 | ABS66489 | 121709-1001 | 06/08/2019 | 1 | 06/08/2019 | Law report |